000
00193nam a2200085 4500
001
1258019
005
20260223125853.0
245
_a
ANILARDAN ÖYKÜLER 2
_c
İBRAHİM ZEKİ BUDURLU
260
_b
TUDEM
999
_c
1258019
_d
1258019